Strategic brand management for B2B markets (Record no. 481316)

MARC details
000 -LEADER
fixed length control field 01668cam a2200397 a 4500
001 - CONTROL NUMBER
control field EDZ0000104784
003 - CONTROL NUMBER IDENTIFIER
control field StDuBDS
005 - DATE AND TIME OF LATEST TRANSACTION
control field 20161031105205.0
006 - FIXED-LENGTH DATA ELEMENTS--ADDITIONAL MATERIAL CHARACTERISTICS--GENERAL INFORMATION
fixed length control field m||||||||d||||||||
007 - PHYSICAL DESCRIPTION FIXED FIELD--GENERAL INFORMATION
fixed length control field cr |||||||||||
008 - FIXED-LENGTH DATA ELEMENTS--GENERAL INFORMATION
fixed length control field 121017s2010 ii a fo| 001|0|eng d
020 ## - INTERNATIONAL STANDARD BOOK NUMBER
International Standard Book Number 9781446270271 (ebook) :
Terms of availability No price
040 ## - CATALOGING SOURCE
Original cataloging agency StDuBDS
Language of cataloging eng
Transcribing agency StDuBDS
Description conventions pn
049 ## - LOCAL HOLDINGS (OCLC)
Holding library Alfaisal Main Library
050 #0 - LIBRARY OF CONGRESS CALL NUMBER
Classification number HF5415.1255
Item number .S37 2010
082 04 - DEWEY DECIMAL CLASSIFICATION NUMBER
Classification number 658.827
Edition number 23
100 1# - MAIN ENTRY--PERSONAL NAME
Personal name Sarin, Sharad.
245 10 - TITLE STATEMENT
Title Strategic brand management for B2B markets
Medium [electronic resource] :
Remainder of title a road map for organizational transformation /
Statement of responsibility, etc Sharad Sarin.
260 ## - PUBLICATION, DISTRIBUTION, ETC. (IMPRINT)
Place of publication, distribution, etc Delhi ;
-- London :
Name of publisher, distributor, etc SAGE,
Date of publication, distribution, etc 2010.
300 ## - PHYSICAL DESCRIPTION
Extent 1 online resource (xix, 262 p.) :
Other physical details ill.
520 8# - SUMMARY, ETC.
Summary, etc This text uncovers the hidden and unexploited power of leveraging from the concept of brand and brand building for B2B marketers. It focuses on the need of B2B marketing from the point of view of Indian markets and economic conditions at home.
521 ## - TARGET AUDIENCE NOTE
Target audience note Specialized.
588 ## -
-- Description based on print version record.
504 ## - BIBLIOGRAPHY, ETC. NOTE
Bibliography, etc Includes bibliographical references and index.
650 #0 - SUBJECT ADDED ENTRY--TOPICAL TERM
Topical term or geographic name as entry element Branding (Marketing)
650 #0 - SUBJECT ADDED ENTRY--TOPICAL TERM
Topical term or geographic name as entry element Brand name products
General subdivision Management.
650 #0 - SUBJECT ADDED ENTRY--TOPICAL TERM
Topical term or geographic name as entry element Product management.
650 #0 - SUBJECT ADDED ENTRY--TOPICAL TERM
Topical term or geographic name as entry element Branding (Marketing)
Geographic subdivision India.
650 #0 - SUBJECT ADDED ENTRY--TOPICAL TERM
Topical term or geographic name as entry element Brand name products
General subdivision Management
Geographic subdivision India.
650 #0 - SUBJECT ADDED ENTRY--TOPICAL TERM
Topical term or geographic name as entry element Product management
Geographic subdivision India.
655 #7 - INDEX TERM--GENRE/FORM
Genre/form data or focus term Electronic books.
Source of term local
710 2# - ADDED ENTRY--CORPORATE NAME
Corporate name or jurisdiction name as entry element Sage eBooks
776 08 - ADDITIONAL PHYSICAL FORM ENTRY
Display text Print version :
International Standard Book Number 9788132105220
856 40 - ELECTRONIC LOCATION AND ACCESS
Uniform Resource Identifier <a href="http://ezproxy.alfaisal.edu/login?url=http://sk.sagepub.com/books/strategic-brand-management-for-b2b-markets">http://ezproxy.alfaisal.edu/login?url=http://sk.sagepub.com/books/strategic-brand-management-for-b2b-markets</a>
942 ## - ADDED ENTRY ELEMENTS (KOHA)
Source of classification or shelving scheme Library of Congress Classification
Koha item type eBooks

No items available.

Copyright © 2020 Alfaisal University Library. All Rights Reserved.
Tel: +966 11 2158948 Fax: +966 11 2157910 Email:
librarian@alfaisal.edu